000
00265nam a2200097 4500
999
_c
517210
_d
517210
082
_a
TNC A99 Sh23
100
_a
Sharma, Subhash.
_9
24754
245
_a
Wisdom & consciousness from the east: Life living & leadership
260
_a
Bangalore
_b
IBA
_c
2013
300
_a
212p